Up A Road Slowly (Record no. 9160)

MARC details
000 -LEADER
fixed length control field 00527nam a2200205 a 4500
001 - CONTROL NUMBER
control field 0000-9160
003 - CONTROL NUMBER IDENTIFIER
control field ELIB.Books
008 - FIXED-LENGTH DATA ELEMENTS--GENERAL INFORMATION
fixed length control field 110520 1966
035 ## - SYSTEM CONTROL NUMBER
System control number (ELIB.Books)0000-9312
082 ## - DEWEY DECIMAL CLASSIFICATION NUMBER
Classification number 28.5
Item number Hun
100 ## - MAIN ENTRY--PERSONAL NAME
Personal name Hunt, Irene
245 ## - TITLE STATEMENT
Title Up A Road Slowly
260 ## - PUBLICATION, DISTRIBUTION, ETC. (IMPRINT)
Name of publisher, distributor, etc. Chicago: Follett Publishing Company
Date of publication, distribution, etc. 1966
650 ## - SUBJECT ADDED ENTRY--TOPICAL TERM
Topical term or geographic name as entry element Young Readers
856 ## - ELECTRONIC LOCATION AND ACCESS
Name of location of host K.B.T.S Library
Uniform Resource Identifier <a href="K.B.T.S Library ELIB.">K.B.T.S Library ELIB.</a>
942 ## - ADDED ENTRY ELEMENTS (KOHA)
Source of classification or shelving scheme Dewey Decimal Classification
Koha item type Books
990 ## - EQUIVALENCES OR CROSS-REFERENCES [LOCAL, CANADA]
Link information for 9XX fields 1
998 ## - LOCAL CONTROL INFORMATION (RLIN)
Cataloger's initials, CIN (RLIN) bat
-- 2011-05-20
Holdings
Withdrawn status Lost status Source of classification or shelving scheme Damaged status Not for loan Home library Current library Date acquired Total Checkouts Barcode Date last seen Bill Date Koha item type
    Dewey Decimal Classification     Karen Baptist Theological Seminary Library Karen Baptist Theological Seminary Library 20/05/2011   7009 22/01/2022 22/01/2022 Books
Implemented & Customized by: BestBookBuddies

Powered by Koha